| 000 | 00719nam a2200217Ia 4500 | ||
|---|---|---|---|
| 003 | GCL | ||
| 008 | 140319s9999 xx 000 0 ara d | ||
| 040 |
_aGCL / _cGCL |
||
| 082 | 0 | 4 |
_a811.9 _bص م |
| 100 | 1 | _aصلاح جاهين | |
| 245 | 1 | 0 |
_aمنوعات غنائية / _cصلاح جاهين |
| 260 |
_aالقاهرة : _bمركز الاهرام للترجمة والنشر ، _c1997 |
||
| 300 | _a254 ص | ||
| 490 |
_aالهيئة العامة للاستعلامات _v0 |
||
| 650 | 0 | 4 | _aالشعر العربى |
| 650 | 0 | 4 | _aالادب العربى |
| 650 | 0 | 4 | _aالشعر الغنائى |
| 650 | 0 | 4 | _aصلاح جاهين |
| 650 | 0 | 4 | _aالشعر العربى - العصر الحديث |
| 942 |
_2ddc _cBK |
||
| 999 |
_c51768 _d51768 |
||